00631 2200229 4500001002100000005001700021008004100038035002400079090001800103100002000121245010300141250001100244260003500255300001900290650001000309700001800319850001500337980001500352985000600367999001300373999001500386YOGYA-0209000002182420090227023559.0 ind  0010-020900000021824 a297.13bAzi I aAZIZ, H. Mahmud aIlmu musthalah hadisbuntuk madrasah pondok pesantren dan untuk umumcH. Mahmud Aziz, Mahmud Yunus aCet. 9 aJakartabHidakarya Agungc1984 a111 hlmc21 cm aHadis aYunus, Mahmud aYOPDYOG(B) a12-25-2006 a2 a06A19516 a06A0019517